FAÚ: Počet útoků stoupá, nejvíce pak v kyberprostoru
Podvody, kyberkriminalita a pranie špinavých peňazí. Finančný analytický úrad (FAÚ) v Česku a jeho kontroly.
Na minha lista:
| Formato: | Capítulo de Livro |
|---|---|
| Idioma: | tcheco |
| Assuntos: | |
| Tags: |
Sem tags, seja o primeiro a adicionar uma tag!
|
MARC
| LEADER | 00000naa a2200000 4500 | ||
|---|---|---|---|
| 001 | 0304664 | ||
| 005 | 20241021092617.8 | ||
| 041 | 0 | |a cze | |
| 044 | |a CZ | ||
| 245 | 1 | 0 | |a FAÚ: Počet útoků stoupá, nejvíce pak v kyberprostoru |
| 520 | |a Podvody, kyberkriminalita a pranie špinavých peňazí. Finančný analytický úrad (FAÚ) v Česku a jeho kontroly. | ||
| 610 | 2 | 0 | |a banky |
| 610 | 2 | 0 | |a bankovníctvo |
| 610 | 2 | 0 | |a podvody |
| 610 | 2 | 0 | |a kriminalita počítačová |
| 610 | 2 | 0 | |a pranie špinavých peňazí |
| 610 | 2 | 0 | |a správy výročné |
| 610 | 2 | 0 | |a kontrola |
| 610 | 2 | 0 | |a úrady |